000
00434nam a2200133Ia 4500
008
100328s9999 xx 000 0 und d
082
_b
3133
100
_a
गांधी महात्मा
245
_a
हिंदी स्वराज्य
260
_b
उपायाय मार्तएड
630
_a
हिंदी स्वराज्य
730
_a
हिंदी स्वराज्य
942
_c
BOOK
999
_c
499285
_d
499282